[Event "FIDE World Cup Women 2023"]
[Site "Baku AZE"]
[Date "2023.08.02"]
[Round "2.1"]
[White "Dzagnidze, Nana"]
[Black "Kulon, Klaudia"]
[Result "1/2-1/2"]
[WhiteTitle "GM"]
[BlackTitle "IM"]
[WhiteElo "2511"]
[BlackElo "2331"]
[WhiteFideId "13601903"]
[BlackFideId "1131044"]
[EventDate "2023.07.30"]
[EventType "k.o."]

1. d4 Nf6 2. Nf3 e6 3. c4 c5 4. d5 b5 5. Bg5 exd5 6. cxd5 h6 7. Bxf6 Qxf6 8. Qc2
c4 9. a4 Bb4+ 10. Nc3 bxa4 11. Rxa4 a5 12. e3 O-O 13. Bxc4 Ba6 14. Bxa6 Nxa6 15.
O-O Rfc8 16. Nd4 Nc7 17. Rfa1 Qe5 18. Qf5 Qxf5 19. Nxf5 g6 20. Nxh6+ Kg7 21. Ng4
Na6 22. Ne5 Nc5 23. R4a2 f6 24. Nc4 Ra6 25. Nxa5 Bxc3 26. bxc3 Ne4 27. f3 Nxc3
28. Rc2 f5 29. Ra3 Kf6 30. h4 Rc5 31. Rcxc3 Rxc3 32. Rxc3 Rxa5 33. e4 fxe4 34.
fxe4 Ra4 35. Re3 Ke5 36. Kf2 Rxe4 37. Rg3 Rxh4 38. Rxg6 Kxd5 39. g4 Ke5 40. Kg3
Rh1 41. Rg8 d5 42. Re8+ Kf6 43. Rd8 Rg1+ 44. Kf3 Rf1+ 45. Ke3 Rg1 46. Kf4 Rf1+
47. Ke3 Rg1 1/2-1/2

[Event "FIDE World Cup Women 2023"]
[Site "Baku AZE"]
[Date "2023.08.02"]
[Round "2.1"]
[White "Rakhmangulova, Anastasiya"]
[Black "Muzychuk, Mariya"]
[Result "1/2-1/2"]
[WhiteTitle "WIM"]
[BlackTitle "GM"]
[WhiteElo "2347"]
[BlackElo "2511"]
[WhiteFideId "14117479"]
[BlackFideId "14114550"]
[EventDate "2023.07.30"]
[EventType "k.o."]

1. e4 e5 2. Nf3 Nc6 3. Bc4 Nf6 4. d3 h6 5. Nc3 d6 6. a3 g6 7. h3 Bg7 8. Be3 O-O
9. Qd2 Kh7 10. g4 Ng8 11. O-O-O Be6 12. h4 Nd4 13. Ng5+ Kh8 14. Bxd4 exd4 15.
Nd5 Bxd5 16. Bxd5 Qe7 17. f4 Nf6 18. Ba2 Nxg4 19. Rdg1 Nf6 20. Qg2 Nh5 21. f5 d5
22. Qf3 dxe4 23. Nxe4 Qe5 24. Rf1 Nf6 25. Rhg1 Rae8 26. h5 Nxe4 27. Qxe4 Qxe4
28. dxe4 gxf5 29. exf5 Bf6 30. Re1 Bg5+ 31. Kd1 Re3 32. Rxe3 dxe3 33. Ke2 Rd8
34. Rd1 Rxd1 35. Kxd1 Kg7 36. Ke2 Kf6 37. a4 Ke7 38. Bc4 f6 39. Kd3 Kd6 40. Kd4
b6 41. b3 c6 42. Be2 Kc7 43. b4 Bf4 44. b5 Kd6 45. Ke4 Bg5 46. Kd4 c5+ 47. Ke4
c4 48. Kd4 c3 49. Bd3 Bf4 50. Ke4 Bh2 51. Kxe3 Ke5 52. Kf3 Bg1 53. Be4 Bc5 54.
Bd3 Ba3 55. Be4 Bc1 56. Bd3 Kd4 57. Bf1 Kc5 58. Ke4 Kb4 59. Kd4 Bd2 60. Bd3 Kxa4
61. Kd5 Ka3 62. Ke6 Bg5 63. Kd5 Kb2 64. Kc4 Bd2 65. Kd5 Kc1 66. Ke4 Bg5 67. Kf3
Kd2 68. Ke4 Be3 69. Kf3 Bc5 70. Ke4 Bg1 71. Kd5 Be3 72. Ke4 Bf2 73. Kf3 Bg1 74.
Ke4 Bc5 75. Kd5 Be3 76. Ke4 1/2-1/2

[Event "FIDE World Cup Women 2023"]
[Site "Baku AZE"]
[Date "2023.08.02"]
[Round "2.1"]
[White "Muzychuk, Anna"]
[Black "Daulyte-Cornette, Deimante"]
[Result "1-0"]
[WhiteTitle "GM"]
[BlackTitle "IM"]
[WhiteElo "2504"]
[BlackElo "2348"]
[WhiteFideId "14111330"]
[BlackFideId "12802859"]
[EventDate "2023.07.30"]
[EventType "k.o."]

1. e4 c5 2. Nf3 Nc6 3. d4 cxd4 4. Nxd4 Nf6 5. Nc3 e5 6. Ndb5 d6 7. Bg5 a6 8. Na3
b5 9. Nd5 Be7 10. Bxf6 Bxf6 11. c3 Rb8 12. Nc2 Bg5 13. g3 h5 14. h4 Bh6 15. a4
Bg4 16. Be2 Bxe2 17. Qxe2 bxa4 18. Qxa6 Qd7 19. Ncb4 Nxb4 20. cxb4 O-O 21. Qxa4
Qb7 22. Qa6 Qd7 23. Qd3 Kh8 24. O-O f5 25. exf5 Rxf5 26. Ne7 Rf7 27. Ng6+ Kg8
28. Ra6 Rd8 29. Rd1 Rf6 30. Nxe5 Qh3 31. Qd5+ Kh7 32. Qe4+ Kg8 33. Qd5+ Kh7 34.
Qe4+ Kg8 35. Ra8 Rxa8 36. Qxa8+ Kh7 37. Qe4+ Kg8 38. Qa8+ Kh7 39. Qe4+ Kg8 40.
Nf3 Re6 41. Qd5 Kh8 42. Qxh5 1-0

[Event "FIDE World Cup Women 2023"]
[Site "Baku AZE"]
[Date "2023.08.02"]
[Round "2.1"]
[White "Rudzinska, Michalina"]
[Black "Dronavalli, Harika"]
[Result "0-1"]
[WhiteTitle "WFM"]
[BlackTitle "GM"]
[WhiteElo "2257"]
[BlackElo "2500"]
[WhiteFideId "1172883"]
[BlackFideId "5015197"]
[EventDate "2023.07.30"]
[EventType "k.o."]

1. e4 e5 2. Nf3 Nc6 3. g3 Nf6 4. d3 g6 5. c4 Bg7 6. Nc3 d6 7. Bg2 O-O 8. O-O Bd7
9. h3 a6 10. Be3 h6 11. d4 exd4 12. Nxd4 Rb8 13. Qd2 Kh7 14. Rad1 Re8 15. Qc2
Qc8 16. Kh2 Ne5 17. Nd5 c5 18. Nxf6+ Bxf6 19. Ne2 b5 20. Rxd6 Be7 21. Rdd1 Nxc4
22. Bf4 Rb7 23. b3 Nb6 24. Nc3 c4 25. Nd5 Nxd5 26. exd5 Bf6 27. g4 Bg7 28. Rfe1
c3 29. Be4 b4 30. f3 Rb6 31. Qf2 Qd8 32. Bc2 Rxe1 33. Rxe1 Rb5 34. d6 Qf6 35.
Qe3 Rd5 36. Kg3 Bf8 37. Qe4 Bxd6 38. Qxd5 Qxf4+ 39. Kf2 Qh2+ 40. Kf1 Bb5+ 41.
Bd3 Qxh3+ 42. Kf2 Qh2+ 43. Kf1 Bxd3+ 44. Qxd3 Bg3 0-1

[Event "FIDE World Cup Women 2023"]
[Site "Baku AZE"]
[Date "2023.08.02"]
[Round "2.1"]
[White "Zhu, Jiner"]
[Black "Francisco Guecamburu, Candela Be"]
[Result "1-0"]
[WhiteTitle "WGM"]
[BlackTitle "WGM"]
[WhiteElo "2498"]
[BlackElo "2352"]
[WhiteFideId "8608059"]
[BlackFideId "160911"]
[EventDate "2023.07.30"]
[EventType "k.o."]

1. e4 e5 2. Nf3 Nc6 3. Bb5 Nge7 4. O-O Ng6 5. Re1 Nh4 6. c3 Nxf3+ 7. Qxf3 g6 8.
Qg3 Bg7 9. d4 exd4 10. Bg5 f6 11. Bf4 d6 12. cxd4 a6 13. Bxc6+ bxc6 14. e5 O-O
15. exd6 cxd6 16. Bxd6 Re8 17. Nc3 Be6 18. h4 Qb6 19. Bc5 Qxb2 20. Rab1 Qc2 21.
Re2 Qf5 22. Rb7 Rac8 23. Ne4 Qg4 24. Nd6 Qxe2 25. Nxe8 Bh8 26. Re7 Qd1+ 27. Kh2
Qg4 28. Qd6 Bd5 29. Re4 1-0

[Event "FIDE World Cup Women 2023"]
[Site "Baku AZE"]
[Date "2023.08.02"]
[Round "2.1"]
[White "Beydullayeva, Govhar"]
[Black "Shuvalova, Polina"]
[Result "0-1"]
[WhiteTitle "WGM"]
[BlackTitle "IM"]
[WhiteElo "2355"]
[BlackElo "2496"]
[WhiteFideId "13413015"]
[BlackFideId "24171760"]
[EventDate "2023.07.30"]
[EventType "k.o."]

1. d4 Nf6 2. c4 e6 3. Nf3 d5 4. g3 dxc4 5. Bg2 Nbd7 6. Nbd2 b5 7. Ne5 Nxe5 8.
Bxa8 Qxd4 9. Nf3 Bb4+ 10. Bd2 Qxb2 11. Bxb4 Nxf3+ 12. Bxf3 Qxb4+ 13. Qd2 c5 14.
O-O-O Qxd2+ 15. Rxd2 Ke7 16. Rhd1 Bd7 17. g4 g5 18. h4 h6 19. Rd6 Rc8 20. Ra6
Rc7 21. hxg5 hxg5 22. Kc2 Bc8 23. Rc6 Rxc6 24. Bxc6 b4 25. f3 Bd7 26. Bxd7 Nxd7
27. Rh1 a5 28. a3 Ne5 29. Rh5 f6 30. Rh7+ Kd6 31. a4 c3 32. Rh8 Nc4 33. Kb3 Na3
34. Rc8 Kd5 35. e3 c4+ 36. Ka2 Nc2 37. Rd8+ Ke5 0-1

[Event "FIDE World Cup Women 2023"]
[Site "Baku AZE"]
[Date "2023.08.02"]
[Round "2.1"]
[White "Khademalsharieh, Sarasadat"]
[Black "Aulia, Medina Warda"]
[Result "0-1"]
[WhiteTitle "IM"]
[BlackTitle "IM"]
[WhiteElo "2488"]
[BlackElo "2355"]
[WhiteFideId "12512214"]
[BlackFideId "7101570"]
[EventDate "2023.07.30"]
[EventType "k.o."]

1. Nf3 e6 2. c4 Nf6 3. Nc3 d5 4. e3 c5 5. cxd5 exd5 6. Bb5+ Bd7 7. Bxd7+ Nbxd7
8. O-O Bd6 9. d4 c4 10. b3 Qa5 11. Bd2 Bb4 12. Qe1 O-O 13. bxc4 dxc4 14. e4 Rfe8
15. a3 Bxc3 16. Bxc3 Qa6 17. Ne5 Nxe5 18. dxe5 Nd7 19. f4 Nc5 20. Qe3 Qc6 21.
Rae1 Rad8 22. Bd4 Nb3 23. Bxa7 c3 24. f5 Rxe5 25. f6 gxf6 26. h4 Kh8 27. Qh6 c2
28. Be3 Re6 29. Bf4 Rg8 30. Kh2 f5 31. Qh5 Rxe4 32. Rxe4 Qxe4 33. Bg5 Rg6 0-1

[Event "FIDE World Cup Women 2023"]
[Site "Baku AZE"]
[Date "2023.08.02"]
[Round "2.1"]
[White "Cyfka, Karina"]
[Black "Khotenashvili, Bella"]
[Result "1/2-1/2"]
[WhiteTitle "IM"]
[BlackTitle "GM"]
[WhiteElo "2356"]
[BlackElo "2475"]
[WhiteFideId "1122681"]
[BlackFideId "13602640"]
[EventDate "2023.07.30"]
[EventType "k.o."]

1. d4 Nf6 2. c4 e6 3. Nc3 d5 4. Bg5 Be7 5. e3 h6 6. Bxf6 Bxf6 7. Nf3 O-O 8. Rc1
b6 9. cxd5 exd5 10. Bd3 c6 11. h3 Be6 12. O-O Nd7 13. Ne2 c5 14. Nf4 c4 15. Bb1
Re8 16. e4 dxe4 17. Bxe4 Rc8 18. Nxe6 Rxe6 19. Bd5 Rd6 20. Bxc4 Nf8 21. Qb3 Rc7
22. Ne5 Ne6 23. Bxe6 Rxe6 24. Rxc7 Qxc7 25. Nf3 Re2 26. Qb5 Qc2 27. Qd7 Qxb2 28.
Qc8+ Kh7 29. Qf5+ Kg8 30. Qc8+ Kh7 31. Qf5+ Kg8 32. Qc8+ 1/2-1/2

[Event "FIDE World Cup Women 2023"]
[Site "Baku AZE"]
[Date "2023.08.02"]
[Round "2.1"]
[White "Batsiashvili, Nino"]
[Black "Mammadova, Gulnar"]
[Result "1-0"]
[WhiteTitle "GM"]
[BlackTitle "IM"]
[WhiteElo "2474"]
[BlackElo "2357"]
[WhiteFideId "13602993"]
[BlackFideId "13403508"]
[EventDate "2023.07.30"]
[EventType "k.o."]

1. e4 e5 2. Nf3 Nc6 3. Nc3 Nf6 4. Bb5 Nd4 5. O-O c6 6. Bd3 Nxf3+ 7. Qxf3 d6 8.
Be2 Bg4 9. Qe3 Qb6 10. d3 Qxe3 11. Bxe3 Bxe2 12. Nxe2 d5 13. Ng3 dxe4 14. dxe4
g6 15. Rad1 h5 16. f3 Nd7 17. Rf2 Bc5 18. Nf1 Bb6 19. Rfd2 O-O-O 20. Kf2 Bxe3+
21. Nxe3 Nb6 22. h4 Rxd2+ 23. Rxd2 Kc7 24. b3 f6 25. a4 a5 26. Rd1 Nd7 27. Nc4
b6 28. g3 Nc5 29. Ke3 Re8 30. Rd2 Re7 31. Rg2 f5 32. Rd2 Nd7 33. exf5 gxf5 34.
Nd6 f4+ 35. gxf4 Nf6 36. Nf5 Re8 37. fxe5 Rxe5+ 38. Kf4 Re1 39. Kg5 Nd5 40. Kxh5
Rg1 41. Kh6 Nf6 42. Ne7 Rg3 43. Rd3 Rg2 44. c4 Rg3 45. Ng6 Ng4+ 46. Kh7 Rh3 47.
Kg7 Nf2 48. Rd4 Nh1 49. Ne5 c5 50. Rf4 Ng3 51. Kg6 Kd6 52. Nf7+ Ke7 53. Ng5 Rh2
54. Rg4 Ne2 55. h5 Nd4 56. h6 Nxb3 57. Re4+ 1-0

[Event "FIDE World Cup Women 2023"]
[Site "Baku AZE"]
[Date "2023.08.02"]
[Round "2.1"]
[White "Munkhzul, Turmunkh"]
[Black "Paehtz, Elisabeth"]
[Result "0-1"]
[WhiteTitle "WGM"]
[BlackTitle "GM"]
[WhiteElo "2226"]
[BlackElo "2471"]
[WhiteFideId "4901878"]
[BlackFideId "4641833"]
[EventDate "2023.07.30"]
[EventType "k.o."]

1. e4 c5 2. Nf3 d6 3. d4 cxd4 4. Nxd4 Nf6 5. Nc3 a6 6. Be3 e5 7. Nb3 Be7 8. f3
Be6 9. Qd2 O-O 10. O-O-O Nbd7 11. g4 b5 12. g5 Nh5 13. Nd5 Bxd5 14. exd5 Qe8 15.
Bh3 f5 16. gxf6 Nhxf6 17. Rhg1 Kh8 18. Qg2 Nh5 19. Bg4 Ndf6 20. Be6 a5 21. Kb1
b4 22. Nc1 Qb5 23. Ne2 a4 24. Ng3 g6 25. Bg5 Ra7 26. Nf5 a3 27. b3 Qc5 28. Ne3
Ne8 29. Bh6 Neg7 30. Nc4 Nf4 31. Qd2 Ra6 32. Rg4 Nfxe6 33. dxe6 Rxf3 34. Qg2 Rf8
35. Rg1 Nxe6 36. Rxg6 hxg6 37. Be3 Nf4 38. Qb7 Qd5 39. Qxe7 Qf7 40. Qg5 Qg7 41.
Qh4+ Kg8 42. Qe1 d5 43. Qxb4 Kh7 44. Bc5 Rc8 45. Nd6 Rcc6 46. Nf5 Qc7 47. Bf8
Rxc2 48. Ne3 Rb2+ 49. Ka1 Rc6 50. Qe1 Re2 51. Qh4+ Kg8 52. Bxa3 Rxe3 0-1

[Event "FIDE World Cup Women 2023"]
[Site "Baku AZE"]
[Date "2023.08.02"]
[Round "2.1"]
[White "Assaubayeva, Bibisara"]
[Black "Gong, Qianyun"]
[Result "1/2-1/2"]
[WhiteTitle "IM"]
[BlackTitle "WGM"]
[WhiteElo "2469"]
[BlackElo "2223"]
[WhiteFideId "13708694"]
[BlackFideId "8602425"]
[EventDate "2023.07.30"]
[EventType "k.o."]

1. c4 e6 2. Nc3 d5 3. d4 c5 4. cxd5 exd5 5. Nf3 Nc6 6. Bg5 Be7 7. Bxe7 Ngxe7 8.
e3 c4 9. Be2 O-O 10. O-O Rb8 11. b3 b5 12. bxc4 bxc4 13. e4 dxe4 14. Nxe4 Bf5
15. Nc3 Rc8 16. Rc1 Nb4 17. Ne5 Nec6 18. Nxc6 Rxc6 19. Qa4 Qb8 20. Qb5 Qxb5 21.
Nxb5 Bd3 22. Bxd3 cxd3 23. Rxc6 Nxc6 24. Rd1 Rb8 25. Nc3 Nxd4 26. Rxd3 Ne2+ 27.
Kf1 Nxc3 28. Rxc3 g6 29. Ra3 Rb7 30. g3 h5 1/2-1/2

[Event "FIDE World Cup Women 2023"]
[Site "Baku AZE"]
[Date "2023.08.02"]
[Round "2.1"]
[White "Yip, Carissa"]
[Black "Zhao, Xue"]
[Result "0-1"]
[WhiteTitle "IM"]
[BlackTitle "GM"]
[WhiteElo "2369"]
[BlackElo "2457"]
[WhiteFideId "2090732"]
[BlackFideId "8601283"]
[EventDate "2023.07.30"]
[EventType "k.o."]

1. e4 d5 2. exd5 Qxd5 3. Nc3 Qd8 4. d4 Nf6 5. Nf3 a6 6. g3 b5 7. Bg2 Bb7 8. Qe2
Nbd7 9. O-O b4 10. Nd1 e6 11. Ne3 Be7 12. Ne5 Bxg2 13. Nxg2 Nb6 14. Nc6 Qd5 15.
Nxe7 Kxe7 16. a3 a5 17. Ne3 Qc6 18. Bd2 Nbd5 19. Rfc1 Rhb8 20. Nxd5+ Nxd5 21.
Qe4 h6 22. c4 bxc3 23. Rxc3 Qb6 24. Rc2 Rd8 25. Rac1 Rd7 26. Bc3 Rg8 27. Qh4+ f6
28. Be1 Re8 29. Re2 Kf8 30. Rc5 a4 31. Qe4 Kf7 32. Qc2 Qa7 33. Ba5 Nb6 34. Qc3
Ree7 35. Rc2 e5 36. dxe5 Rd1+ 37. Kg2 Qa6 38. Rd2 Qf1+ 39. Kf3 Qh1+ 40. Kg4 h5+
41. Kxh5 Rxd2 42. Qxd2 Qf3+ 43. Kh4 g5+ 44. Kh3 Kg6 45. Qc2+ f5 46. Rxc7 Kh5 0-1

[Event "FIDE World Cup Women 2023"]
[Site "Baku AZE"]
[Date "2023.08.02"]
[Round "2.1"]
[White "Arabidze, Meri"]
[Black "Cori T., Deysi"]
[Result "1-0"]
[WhiteTitle "IM"]
[BlackTitle "IM"]
[WhiteElo "2451"]
[BlackElo "2369"]
[WhiteFideId "13604040"]
[BlackFideId "3801934"]
[EventDate "2023.07.30"]
[EventType "k.o."]

1. d4 d6 2. Nf3 g6 3. g3 Bg7 4. Bg2 Nd7 5. c4 c5 6. Nc3 a6 7. O-O Ngf6 8. b3 O-O
9. Bb2 Rb8 10. a4 cxd4 11. Nxd4 a5 12. Qc2 Nc5 13. Rfd1 Qb6 14. Rab1 Be6 15. Ba3
Nfd7 16. Ncb5 Ne5 17. h3 Rfc8 18. Kh2 Bd7 19. Nc3 Ne6 20. Nxe6 fxe6 21. e3 Bc6
22. Ne4 d5 23. c5 Qc7 24. Ng5 Bd7 25. f4 Nc6 26. Rbc1 Bf6 27. h4 Qd8 28. e4 d4
29. Qc4 Bxg5 30. hxg5 Kf8 31. Rxd4 Nxd4 32. Qxd4 Kf7 33. Bb2 Qh8 34. Qxh8 Rxh8
35. Bxh8 Rxh8 36. e5 Bc6 37. Rd1 Rb8 38. Rd3 Ke8 39. Bxc6+ bxc6 40. Kg2 Rb4 41.
Kf3 Kf7 42. Ke3 Ke8 43. Kd2 Re4 44. Kd1 Rb4 45. Kc2 Re4 46. Kb2 Re2+ 47. Ka3 Re1
48. Rd2 Re3 49. Rh2 Rxg3 50. Rxh7 Rc3 51. Rg7 Rxc5 52. Rxg6 Kf7 53. Rh6 Rc2 54.
Rh7+ Ke8 55. Rh8+ Kd7 56. Ra8 Rf2 57. g6 Rg2 58. Rxa5 Rxg6 59. Ra7+ Kd8 60. Kb4
Rg3 61. a5 Rf3 62. a6 Rxf4+ 63. Kc5 Rf3 64. Rb7 Kc8 65. Rxe7 Rc3+ 66. Kd6 1-0

[Event "FIDE World Cup Women 2023"]
[Site "Baku AZE"]
[Date "2023.08.02"]
[Round "2.1"]
[White "Bivol, Alina"]
[Black "Mammadzada, Gunay"]
[Result "1-0"]
[WhiteTitle "IM"]
[BlackTitle "IM"]
[WhiteElo "2371"]
[BlackElo "2448"]
[WhiteFideId "4100123"]
[BlackFideId "13403729"]
[EventDate "2023.07.30"]
[EventType "k.o."]

1. e4 c5 2. Nf3 d6 3. d4 cxd4 4. Nxd4 Nf6 5. Nc3 a6 6. Be2 e5 7. Nb3 Be7 8. Be3
Be6 9. Nd5 Nbd7 10. Qd3 Bxd5 11. exd5 Rc8 12. O-O-O Nb6 13. Kb1 Nbxd5 14. Bd2
Qb6 15. c4 Nb4 16. Qf5 O-O 17. g4 Rfe8 18. g5 g6 19. Qf3 Nh5 20. h4 Bf8 21. Qe4
a5 22. Be3 Qc7 23. Bxh5 gxh5 24. Nd2 b5 25. Qf5 Re6 26. Rc1 bxc4 27. Ne4 Rg6 28.
Nf6+ Kh8 29. Rhd1 Qb7 30. a3 Na6 31. Rc3 Rb8 32. Bc1 Nc5 33. Qc2 Rxf6 34. gxf6
d5 35. Rg3 Ne4 36. Rg2 d4 37. Rdg1 Bxa3 38. Ka2 d3 39. Bh6 dxc2 40. Bg7+ Kg8 41.
Bf8+ 1-0

[Event "FIDE World Cup Women 2023"]
[Site "Baku AZE"]
[Date "2023.08.02"]
[Round "2.1"]
[White "Krush, Irina"]
[Black "Ouellet, Maili-Jade"]
[Result "1-0"]
[WhiteTitle "GM"]
[BlackTitle "WGM"]
[WhiteElo "2447"]
[BlackElo "2201"]
[WhiteFideId "2012782"]
[BlackFideId "2620472"]
[EventDate "2023.07.30"]
[EventType "k.o."]

1. c4 Nf6 2. Nc3 e6 3. e4 d5 4. e5 d4 5. exf6 dxc3 6. bxc3 Qxf6 7. Nf3 e5 8. Bd3
Bd6 9. O-O O-O 10. Be4 h6 11. d4 exd4 12. cxd4 Nc6 13. Qd3 Bg4 14. Bb2 Rad8 15.
h3 Bh5 16. Bc3 Rfe8 17. Rfe1 Nb4 18. Qd2 Bf4 19. Qd1 c5 20. Qb3 Bxf3 21. Bxf3
Rxe1+ 22. Rxe1 Nd3 23. d5 Be5 24. Bxe5 Nxe5 25. Qxb7 Nxf3+ 26. gxf3 Qg6+ 27. Kh1
Qf5 28. Qe7 Qxh3+ 29. Kg1 Rb8 30. Qxc5 Qxf3 31. Qd4 f5 32. d6 Kh7 33. c5 a5 34.
d7 Qa8 35. Qd6 Rb4 36. c6 Rg4+ 37. Kh2 Qd8 38. Re7 Qb6 39. Re3 Rd4 40. Qe6 Qc5
41. Rg3 Rd6 42. Qe3 Qc2 43. Rg2 Qc4 44. Qg3 Qd4 45. c7 f4 46. Qxg7+ 1-0

[Event "FIDE World Cup Women 2023"]
[Site "Baku AZE"]
[Date "2023.08.02"]
[Round "2.1"]
[White "Tsolakidou, Stavroula"]
[Black "Osmak, Yuliia"]
[Result "1/2-1/2"]
[WhiteTitle "IM"]
[BlackTitle "IM"]
[WhiteElo "2373"]
[BlackElo "2444"]
[WhiteFideId "4264312"]
[BlackFideId "14101602"]
[EventDate "2023.07.30"]
[EventType "k.o."]

1. c4 e6 2. Nf3 d5 3. g3 Nf6 4. Bg2 d4 5. O-O c5 6. d3 Nc6 7. e3 e5 8. exd4 exd4
9. Re1+ Be7 10. Bf4 O-O 11. h3 Bd6 12. Ne5 Nxe5 13. Bxe5 Rb8 14. Nd2 Bxe5 15.
Rxe5 Qd6 16. Qe2 Bd7 17. Re1 Rfe8 18. f4 b6 19. g4 h6 20. Bf3 Qc7 21. h4 Rxe5
22. fxe5 Nh7 23. Bd5 Re8 24. g5 hxg5 25. Qh5 Be6 26. Be4 Nf6 27. Qxg5 Ng4 28.
Nf3 Ne3 29. Kh1 Qd8 30. Qh5 Bg4 31. Qh7+ Kf8 32. Qh8+ Ke7 33. Qxg7 Bxf3+ 34.
Bxf3 Qd7 35. Qg5+ Kf8 36. Qh6+ Ke7 37. Kh2 Qe6 38. Qg5+ Kf8 39. Kg3 Qxe5+ 40.
Qxe5 Rxe5 41. Kf2 Kg7 42. Rg1+ Kh6 43. Rg8 Nf5 44. Rg5 f6 45. Rh5+ Kg6 46. Rh8
Kg7 47. Ra8 Nxh4 48. Rxa7+ Kh6 49. Be2 Ng6 50. Ra6 Nf4 51. Bf1 Re6 52. a3 Kg5
53. b4 Re3 54. Rxb6 Nxd3+ 55. Bxd3 Rxd3 56. Rd6 Rxa3 57. bxc5 Kf5 58. c6 Ra7 59.
Rxd4 Ke5 60. Rd7 Ra6 61. Rd5+ Ke6 62. Rc5 Ra8 63. Ke3 Kd6 64. Kd4 Rc8 65. Rf5
Rf8 66. Rc5 1/2-1/2

[Event "FIDE World Cup Women 2023"]
[Site "Baku AZE"]
[Date "2023.08.02"]
[Round "2.1"]
[White "Javakhishvili, Lela"]
[Black "Munguntuul, Batkhuyag"]
[Result "1-0"]
[WhiteTitle "IM"]
[BlackTitle "IM"]
[WhiteElo "2439"]
[BlackElo "2374"]
[WhiteFideId "13601458"]
[BlackFideId "4900758"]
[EventDate "2023.07.30"]
[EventType "k.o."]

1. d4 d5 2. Nf3 Nf6 3. Bf4 c5 4. e3 Nc6 5. Nbd2 Bg4 6. Bb5 Qb6 7. c4 cxd4 8.
exd4 Bxf3 9. Qxf3 Qxd4 10. O-O a6 11. Ba4 e6 12. Rac1 Bb4 13. Nb3 Qxb2 14. cxd5
Nxd5 15. Rxc6 O-O 16. Qg3 Qf6 17. Rc4 Bc3 18. Nc5 b5 19. Nd7 Qf5 20. Rxc3 Nxc3
21. Qxc3 Rfd8 22. Nb6 Qxf4 23. Nxa8 Qxa4 24. Nc7 Qxa2 25. g3 h6 26. Ra1 Qe2 27.
Nxa6 Rd2 28. Qe3 Qxe3 29. fxe3 Re2 30. Ra3 h5 31. Rb3 g6 32. Nc5 Kg7 33. Ne4 b4
34. Nf2 Re1+ 35. Kg2 g5 36. e4 h4 37. gxh4 gxh4 38. Rxb4 Kg6 39. Kf3 Kg5 40.
Rb5+ f5 41. Rb8 fxe4+ 42. Nxe4+ Kf5 43. Rf8+ Ke5 44. Nf2 Ra1 45. Ng4+ Kd6 46.
Rd8+ Ke7 47. Rh8 Ra3+ 48. Ne3 Ra4 49. Rg8 1-0

[Event "FIDE World Cup Women 2023"]
[Site "Baku AZE"]
[Date "2023.08.02"]
[Round "2.1"]
[White "Melia, Salome"]
[Black "Ushenina, Anna"]
[Result "1/2-1/2"]
[WhiteTitle "IM"]
[BlackTitle "GM"]
[WhiteElo "2377"]
[BlackElo "2434"]
[WhiteFideId "13602446"]
[BlackFideId "14110911"]
[EventDate "2023.07.30"]
[EventType "k.o."]

1. e4 e5 2. Nf3 Nc6 3. Bb5 Bc5 4. O-O d6 5. c3 a6 6. Bxc6+ bxc6 7. d4 exd4 8.
cxd4 Bb6 9. Qc2 Ne7 10. Nbd2 O-O 11. b3 Bd7 12. Ba3 Re8 13. Nc4 Rb8 14. Nxb6
Rxb6 15. Rae1 Rb5 16. Nd2 h6 17. Bb2 Ng6 18. f4 f5 19. a4 Rb8 20. d5 cxd5 21.
exf5 Rxe1 22. Rxe1 Nxf4 23. f6 Be8 24. Re7 Bf7 25. Qf5 g5 26. h4 Qc8 27. Qc2 Qg4
28. Nf3 Re8 29. Rxe8+ Bxe8 30. Bc1 c5 31. hxg5 hxg5 32. Bxf4 Qxf4 33. Qe2 Bf7
34. Qxa6 Qxf6 35. Qc8+ Kg7 36. Qg4 Kh6 37. a5 Be6 38. Qa4 g4 39. Nd2 d4 40. Qe8
Bd5 41. g3 Bf3 1/2-1/2

[Event "FIDE World Cup Women 2023"]
[Site "Baku AZE"]
[Date "2023.08.02"]
[Round "2.1"]
[White "Vaishali, Rameshbabu"]
[Black "Guichard, Pauline"]
[Result "1-0"]
[WhiteTitle "IM"]
[BlackTitle "IM"]
[WhiteElo "2431"]
[BlackElo "2384"]
[WhiteFideId "5091756"]
[BlackFideId "639370"]
[EventDate "2023.07.30"]
[EventType "k.o."]

1. e4 e5 2. Nf3 Nc6 3. Bb5 Nf6 4. d3 Bc5 5. c3 d5 6. Nbd2 dxe4 7. dxe4 O-O 8.
O-O a5 9. Qc2 Qe7 10. a4 Nb8 11. Re1 Bd7 12. Bd3 Bc6 13. Nf1 Nbd7 14. Ng3 Rfe8
15. Bc4 Nb6 16. Bb3 h6 17. h3 Bd7 18. Nh4 Be6 19. Nhf5 Qf8 20. Bxe6 Rxe6 21. Qe2
Qe8 22. b3 Kh7 23. h4 Rd8 24. Ra2 Qc6 25. h5 Ree8 26. Qf3 Qe6 27. Rb2 Bf8 28.
Rb1 Rd7 29. Be3 Rd3 30. c4 Red8 31. Red1 Qd7 32. Rxd3 Qxd3 33. Rc1 Nbd7 34. c5
Qxb3 35. c6 bxc6 36. Rxc6 Qb7 37. Rc1 c5 38. Bd2 Rc8 39. Ne3 Qc6 40. Nd5 Kg8 41.
Nxf6+ Nxf6 42. Bc3 Re8 43. Ra1 Qc7 44. Nf5 Re6 45. Rb1 c4 46. Rb5 Qc6 47. Ng3
Rd6 48. Bxe5 Rd3 49. Qe2 Nd7 50. Bb2 Nc5 51. Nf5 c3 52. Ba3 c2 53. Rb8 Rd1+ 54.
Kh2 Qc7+ 55. g3 Qxb8 56. Qg4 c1=Q 57. Bxc1 Rxc1 58. Nxh6+ Kh7 59. Nxf7 Qb6 60.
Qf5+ Kg8 61. Ng5 Be7 62. Qh7+ 1-0

[Event "FIDE World Cup Women 2023"]
[Site "Baku AZE"]
[Date "2023.08.02"]
[Round "2.1"]
[White "Mona, Khaled"]
[Black "Roebers, Eline"]
[Result "0-1"]
[WhiteTitle "WGM"]
[BlackTitle "IM"]
[WhiteElo "2106"]
[BlackElo "2419"]
[WhiteFideId "10605908"]
[BlackFideId "1058401"]
[EventDate "2023.07.30"]
[EventType "k.o."]

1. d4 Nf6 2. c4 g6 3. Nc3 Bg7 4. e4 d6 5. Be2 O-O 6. Be3 c6 7. d5 a6 8. a4 a5 9.
f4 Na6 10. Bf3 Nb4 11. h3 e6 12. dxc6 bxc6 13. Nge2 Ba6 14. b3 d5 15. e5 Nd7 16.
Na2 Qe7 17. O-O Rac8 18. Nd4 Rfd8 19. Nxb4 Qxb4 20. Rf2 Nc5 21. Qc2 Bf8 22. Rd2
Rd7 23. Rc1 Rb7 24. Rdd1 Rbb8 25. Rb1 Qb7 26. Kh1 Qc7 27. cxd5 cxd5 28. Be2 Bxe2
29. Qxe2 Ne4 30. Qf3 Bc5 31. Rbc1 Qb6 32. Rd3 Bxd4 33. Rxc8+ Rxc8 34. Bxd4 Qb4
35. Kh2 Rc2 36. f5 exf5 37. Qf4 Nc5 38. Rd1 Ne6 39. Qe3 f4 40. Qd3 Ra2 41. Kh1
Ra3 42. Bf2 d4 43. Bxd4 Rxb3 44. Qe4 Qxa4 45. Rd2 Kg7 46. Qd5 Rb1+ 47. Kh2 Qa3
48. Bf2 Qc1 49. g4 Nc7 0-1